000 01958aam a2200325 a 4500
003 BLK
005 20240209110300.0
008 230328b bul||||| |||| 00| 0 bul d
020 _a9789543987450
_q(подв., във футляр)
040 _aBLK
041 _aBUL
_cBUL
080 _aНационалноосвободителното движение в България (1856-1877)
_b94(497.2)"1856/1877"
_x(092)
_z94(497.2)"1856/1877"(092)
080 _aВасил Иванов Кунчев, известен и като Апостола на свободата, идеолог и организатор на българската национална революция, национален герой
_b929 Левски, Васил
_z92 Левски, Васил
139 _aЛевски, Васил
_bЛ 36
245 _aЛичният бележник (тефтерчето) на Васил Левски : 1871-1872 България и Влашко : разчетен текст
_cВасил Левски
250 _a4. изд.
257 _aBGR
260 _aСофия
_bТруд
_c2022
_9209481
_f([София] : Образование и наука)
300 _a[12], 132 с.
_c16 см
380 _a9
500 _aВъзприетата форма на името на състав. Тодорка Томова е Дора Милчова Томова. - Археографски бележки: с. 117-131. - Посвещава се на 180-годишнината от рождението на Васил Левски.
650 7 _aЛевски, Васил
_9160171
700 _9268169
_aНушев, Цветолюб Христов
_eсъстав.
700 _9297232
_aТомова, Тодорка Милчова
_eсъстав.
852 _aЦб І 37514
_bЦб
852 _aЦб І 42490
_bЦб
856 _i0.00
_ldisable
942 _cKNG
_2udc
_n0
_s1
_02
944 _c2023-07-07
_k30537
_lГрета Цуфелде
999 _c490328
_d490328